000
00285nam a2200121Ia 4500
008
190216s9999||||xx |||||||||||||| ||und||
100
_a
Pala Narayanan Nair
245
0
_a
Keralam Valarunnu
260
_b
National Book Stall
_c
1958
300
_a
79p
650
_a
Kavithkal
942
_c
BK
999
_c
24105
_d
24105